000 01892nam a22002777a 4500
003 OSt
005 20240530135010.0
008 231027t20012006ck ||||r ||| 000 0 spa d
020 _a9580495629
037 _3Donación
040 _aCO-JMCR
_cCO-JMCR
_dCO-JMCR
_erda
041 1 _aspa
_heng
082 0 4 _223
_a158.2
_bC54p
100 1 _aChopra, Deepak,
_91624
_d1946 -
245 1 3 _aEl perdón :
_bcien reflexiones /
_cDeepak Chopra; Traducción de Adriana de Hassan
246 1 _aThe deeper Wound:
_bRecovering the soul from fear and suffering
260 _aBogotá:
_bEditorial Norma,
_c2001
_c©2006
300 _a176 páginas ;
_c21 cm
501 _aIncluye prefacio
520 _aAunque la idea para este libro nació del incidente trágico del 11 de septiembre de 2001, la intención del mismo evolucionó hasta convertirse en un manual que sirva para sanar la herida más profunda, independientemente de cuál sea su causa. Las tradiciones de la sabiduría nos dicen que es posible trascender el sufrimiento y alcanzar estados de expansión de la conciencia en los cuales, a través de la transformación personal, no solamente podemos llevar alegría al gran tejido de la vida, sino también sanarlo. Espero que cuando usted logre alcanzar el estado de alegría espontánea tras buscar en las profundidades de su alma, pueda al mismo tiempo contribuir a restablecer la armonía en el mundo. Porque usted es el mundo. ”Un principio de la física dice que cuando un electrón vibra, el universo se estremece. Entonces, seamos usted y yo esos electrones que vibran al nivel de la conciencia para traer paz, alegría, armonía y amor al mundo
650 1 4 _2JMCR
_aPerdón
_xMeditaciones
_943081
650 2 4 _2JMCR
_aAtaques terroristas
_x11 de septiembre
650 3 4 _2JMCR
_aEjercicios espirituales
700 _aHassan, Adriana de
_eTraductor
_912691
942 _2ddc
_cBK
999 _c30310
_d16694